00341nam a2200121Ia 4500008004100000041000800041082002000049100001600069245004400085260004900129300003000178365001100208240624s9999 xx 000 0 und d aeng a381.4579654 GOR aGORMAN LEON aL L BEAN THE MAKING OF AN AMERICAN ICON c2006aBostonbHarvard Businesss School Press axv, : 304 : p. : cm. ; 23 cRSb25